Loading...
Kottayam public library : 93rd year /
| Language: | Undetermined |
|---|---|
| Published: |
1975.
|
| Subjects: |
| LEADER | 00450nam a2200145Ia 4500 | ||
|---|---|---|---|
| 001 | 10032 | ||
| 008 | 170722s9999 xx 000 0 und d | ||
| 245 | |a Kottayam public library : |b 93rd year / | ||
| 260 | |c 1975. | ||
| 653 | |a India | ||
| 653 | |a Library Science | ||
| 653 | |a Public Library | ||
| 942 | |c GEN | ||
| 999 | |c 172004 |d 172004 | ||
| 952 | |0 0 |1 0 |4 0 |6 22_212500000000000_N7T_32L5 |7 0 |9 237623 |a LIB |b LIB |d 2013-12-27 |o 22.2125.N7t 32L5 |p G5153 |r 2017-08-12 |w 2017-08-12 |y GEN | ||